Spanish vocab week 25 - Statistics

General Stats
  • This quiz has been taken 7 times
  • The average score is 22 of 70
Answer Stats
Hint Answer % Correct
writer el escritor
100%
mural el mural
100%
painter el pintor
100%
to imitate/ copy imitar
100%
politics la política
100%
reality la realidad
100%
arabesque arabesco
50%
to preserve conservar
50%
to build construir
50%
striking llamativo
50%
arch el arco
50%
stream el chorro
50%
Qur'an el Corán
50%
lintel el dintel
50%
granite el granito
50%
foreground el primer plano
50%
relief el relieve
50%
face el rostro
50%
background el segundo plano
50%
to sculpt esculpir
50%
to label/classify etiquetar
50%
incalculable incalculable
50%
unstable inestable
50%
countless innumerable
50%
extension la ampliación
50%
harmony la armonía
50%
ceramic la cerámica
50%
teaching la enseñanza
50%
essence la esencia
50%
jewel la joya
50%
technique la técnica
50%
minimalist(ic) minimalista
50%
global/ worldwide mundial
50%
picturesque pintoresco
50%
pretentious pretencioso
50%
to retouch retocar
50%
stormy/ tempestuous tormentoso
50%
to trace/ draw trazar
50%
crowded/ busy concurrido
0%
to draft delinear
0%
to dazzle deslumbrar
0%
wickedly despiadadamente
0%
tile el azulejo
0%
bell tower el campanario
0%
control/ territory el dominio
0%
site/ location el emplazamiento
0%
space between the eyebrows el entrecejo
0%
script writer el guionista
0%
landscape painter el paisajista
0%
paintbrush el pincel
0%
tour el recorrido
0%
thick espeso
0%
to impress impresionar
0%
clay la arcilla
0%
floor tile la baldosa
0%
handrail la baranda
0%
dome la bóveda
0%
bell la campana
0%
crypt la cripta
0%
vitrine la cristalera
0%
dome la cúpula
0%
fortress la fortaleza
0%
still life la naturaleza muerta
0%
work la obra
0%
brush stroke la pincelada
0%
shadow la sombra
0%
social gathering/ salon la tertulia
0%
dreamlike onírico
0%
dark sombrío
0%
opportunistic vividor
0%
No matching quizzes found
Score Distribution
Percent of People with Each Score
Percentile by Number Answered
Your Score History
You have not taken this quiz